The perception of the environment : (Record no. 154437)

MARC details
000 -LEADER
fixed length control field 00797nam a2200265 a 4500
008 - FIXED-LENGTH DATA ELEMENTS--GENERAL INFORMATION
fixed length control field
020 ## - INTERNATIONAL STANDARD BOOK NUMBER
International Standard Book Number 0415228328 (pbk.)
090 ## - LOCALLY ASSIGNED LC-TYPE CALL NUMBER (OCLC); LOCAL CALL NUMBER (RLIN)
Classification number (OCLC) (R) ; Classification number, CALL (RLIN) (NR) HM37
Local cutter number (OCLC) ; Book number/undivided call number, CALL (RLIN) ING
003 - CONTROL NUMBER IDENTIFIER
control field
005 - DATE AND TIME OF LATEST TRANSACTION
control field 20230123133756.0
040 ## - CATALOGING SOURCE
Transcribing agency NUST
049 ## - LOCAL HOLDINGS (OCLC)
Holding library MAIN
100 1# - MAIN ENTRY--PERSONAL NAME
Personal name Ingold, Tim.
245 14 - TITLE STATEMENT
Title The perception of the environment :
Remainder of title essays on livelihood, dwelling and skill /
Statement of responsibility, etc. Tim Ingold.
260 ## - PUBLICATION, DISTRIBUTION, ETC.
Place of publication, distribution, etc. London :
Name of publisher, distributor, etc. Routledge,
Date of publication, distribution, etc. 2000.
300 ## - PHYSICAL DESCRIPTION
Extent xiv, 465 p. :
Other physical details ill. ;
Dimensions 25 cm.
504 ## - BIBLIOGRAPHY, ETC. NOTE
Bibliography, etc. note Includes bibliographical references.
500 ## - GENERAL NOTE
General note Includes index.
650 #0 - SUBJECT ADDED ENTRY--TOPICAL TERM
Topical term or geographic name entry element Anthropology
General subdivision Philosophy.
650 #0 - SUBJECT ADDED ENTRY--TOPICAL TERM
Topical term or geographic name entry element Human ecology
General subdivision Philosophy.
650 #0 - SUBJECT ADDED ENTRY--TOPICAL TERM
Topical term or geographic name entry element Psychology.
650 #0 - SUBJECT ADDED ENTRY--TOPICAL TERM
Topical term or geographic name entry element Social evolution.
907 ## - LOCAL DATA ELEMENT G, LDG (RLIN)
a .b10130913
b 28-08-12
c 16-07-04
942 ## - ADDED ENTRY ELEMENTS (KOHA)
Koha item type Ordinary Loan Books
Call number prefix HM37
Call number suffix ING
Holdings
Date last seen Total Checkouts Full call number Barcode Cost, replacement price Price effective from Koha item type Lost status Source of classification or shelving scheme Damaged status Not for loan Collection Withdrawn status Home library Current library Shelving location Date acquired Cost, normal purchase price
01/23/2023 2 HM37 ING 92003007535 80.00 01/23/2023 BOOKS   LCC     NFIC   MAIN MAIN GEN 01/23/2023 80.00